Microsoft Windows Version 3.1 (Бичлэгийн дугаар. 145394)
| 000 -УДИРДЛАГА | |
|---|---|
| Удирдлага | 00672nam a22002537a 4500 |
| 003 - ХЯНАЛТЫН ТОО ТОДОРХОЙЛОГЧ | |
| Код | MN-UlNUM |
| 005 - БИЧИЛТ ХИЙСЭН ОГНОО | |
| Тухайн бичилтийг бичсэн засварласан сүүлийн огноо | 20251107093457.0 |
| 008 - ЕРӨНХИЙ МЭДЭЭЛЭЛ | |
| Ерөнхий мэдээлэл | 130522t1992 us ||||| |||| 00| 0 eng d |
| 040 ## - БИЧЛЭГ ҮҮСГЭГЧ БАЙГУУЛЛАГА | |
| Бичлэг үүсгэгч номын сангийн код | МУИС-ийн номын сан |
| 084 ## - ББК АНГИЛАЛ | |
| ББК ангилал | 32.973 |
| Зохиогчийн гурван тэмдэгт | M 65 |
| Нэмэлт тусгалт | Гарын авлага |
| Мэдлэгийн ялгаа | 2 - Байгалийн шинжлэл |
| 245 ## - ҮНДСЭН ГАРЧИГ | |
| Номын нэр | Microsoft Windows Version 3.1 |
| Бага гарчгийн мэдээ | Microsoft Windows Operativsystem |
| 260 ## - ГАРАЛТЫН МЭДЭЭ | |
| Хэвлэлийн газар | Microsoft Corporation |
| Хэвлэгдсэн он | 1992 |
| 300 ## - МАТЕРИАЛЫН ТОДОРХОЙЛОЛТ | |
| хуудасны тоо | 677 |
| 500 ## - Тайлбар | |
| Дансны дугаар | БС 1992 |
| 546 ## - ХЭЛНИЙ ТУХАЙ МЭДЭЭ | |
| Хэл | Англи хэл дээр, |
| 653 ## - Түлхүүр үг | |
| Түлхүүр үг | windows |
| 653 ## - Түлхүүр үг | |
| Түлхүүр үг | operativsystem |
| 740 ## - НОМЫН ГАРЧИГ | |
| Гарчиг | Grundelementere i Windows |
| 740 ## - НОМЫН ГАРЧИГ | |
| Гарчиг | Windows-tilstande |
| 740 ## - НОМЫН ГАРЧИГ | |
| Гарчиг | Generelle vindueselementer |
| 740 ## - НОМЫН ГАРЧИГ | |
| Гарчиг | To slags vinduer |
| 942 ## - ЭЛЕМЕНТИЙН ТӨРӨЛ | |
| Зүйлийн төрөл | Ном |
